| 000 | 00542nam a22001937a 4500 | ||
|---|---|---|---|
| 005 | 20240805161944.0 | ||
| 010 | _aENG-141188 | ||
| 020 |
_a9789360958398 _c295.00 |
||
| 035 | _aEN-124720 | ||
| 037 | _bDBAD | ||
| 082 |
_aS _21 |
||
| 100 |
_aDominic, K.V _969506 |
||
| 245 |
_aThorns and Agonies/ _cBy K.V Dominic |
||
| 250 | _a1 | ||
| 260 |
_aNew Delhi _bAuthor Press _c2024 |
||
| 270 |
_aQ-24 A Hauz Khas Enclave _bNew Delhi _e110016 _k9818049852 _mauthorpressgroup@gmail.com |
||
| 300 |
_a54p. _c23c.m(pb) |
||
| 942 |
_2ddc _cEN _hS _mDOM _e1 |
||
| 999 |
_c204853 _d204853 |
||